| 000 | 00903nam a22002295i 4500 | ||
|---|---|---|---|
| 001 | 163571 | ||
| 003 | ES-MaACL | ||
| 005 | 20250804045301.0 | ||
| 008 | 960307s1861 fr |||| | fre d | ||
| 040 |
_aEUS _bspa _cEUS |
||
| 100 | 1 |
_aRitter, Heinrich. _9131840 |
|
| 245 | 1 | 0 |
_aHistoire de la philosophie moderne / _cpar Henri Ritter ; traduction française précédée d'une introduction par P. Challemel-Lacour. |
| 260 |
_aParis : _bLibrairie Philosophique de Ladrange, _c1861 ( _eSaint-Cloud : _fImprimerie de M\pme\s V\pe\s Belin) |
||
| 300 |
_a3 v. ([4], LXXXIV, 425 p. ; [4], 399 p. ; [4], 472 p.) ; _c23 cm. |
||
| 597 | _aAntep. | ||
| 650 | 7 |
_aFilosofía moderna _2embne _9144498 |
|
| 700 | 1 |
_aChallemel-Lacour, Paul Armand. _9126437 |
|
| 852 |
_aES-MaACL _jF-10667-69 _z-- Enc. cartón |
||
| 852 |
_aES-MaACL _jD-4604-06 _z-- Enc. hol. |
||
| 999 |
_c163571 _d163571 |
||